| 000 | 00603nam a2200193 u 4500 | ||
|---|---|---|---|
| 001 | 000302916 | ||
| 003 | AM-YeHGA | ||
| 005 | 20250618071940.0 | ||
| 008 | 040124s1920 ||||||||||||||||||||arm|c | ||
| 040 | _aAM-YeHGA | ||
| 041 | 0 | _aarm | |
| 100 | 1 |
_aՕշական, Հակոբ, _d1883-1948 _94922 |
|
| 245 | 1 | 0 |
_aԽոնարհները / _cՅ. Օշական. |
| 260 |
_aԿ. Պոլիս : _bԿիլիկիա, _c1920. |
||
| 300 | _c19 սմ. | ||
| 505 | 1 | 0 |
_gՀ. Ա (1920, 122 էջ) : _tՏօգսանը, Տօպիճը, Պաղտօն |
| 650 | 1 | 4 |
_aՀայ գրականություն _xՊատմվածք |
| 090 | _c112926 | ||
| 999 |
_c111589 _d111589 |
||